000 00727cam a2200217I 4500
999 _c10146
_d10146
001 12338884
003 GBCCL
005 20241126110726.0
008 850802s1922 nyu b 001 0 eng d
040 _aCBY
_cCBY
_dDAY
082 _a220.7
_bICC
100 1 _aBigg, Charles,
_d1840-1908
_917592
245 1 2 _aA critical and exegetical commentary on the Epistles of St. Peter and St. Jude /
_cby Charles Bigg
260 _aNew Delhi :
_bBloomsbury,
_c2023
300 _axi, 353 p. ;
_c22 cm
490 _aInternational critical commentary
_v[v. 42]
504 _aIncludes bibliographical references and indexes
630 0 0 _aBible.
_pPeter
_vCommentaries
_9880
630 0 0 _aBible.
_pJude
_vCommentaries
_9881
942 _2ddc
_cREF